5HLuxD.jpg

KING HENRY VIII SENIOR AND PRIMARY SCHOOL LIBRARY OPAC

Further Mathematics: (Record no. 1203)

000 -LEADER
fixed length control field 00690nam a22002177a 4500
005 - DATE AND TIME OF LATEST TRANSACTION
control field 20221104105503.0
008 - FIXED-LENGTH DATA ELEMENTS--GENERAL INFORMATION
fixed length control field 221104b ||||| |||| 00| 0 eng d
020 ## - INTERNATIONAL STANDARD BOOK NUMBER
International Standard Book Number 9781510421790
040 ## - CATALOGING SOURCE
Transcribing agency KH8
082 ## - DEWEY DECIMAL CLASSIFICATION NUMBER
Classification number 510 MUS
100 ## - MAIN ENTRY--PERSONAL NAME
Personal name Muscat, Jean-Paul
Relator term Author
245 ## - TITLE STATEMENT
Title Further Mathematics:
Remainder of title further pure mathematics 2 /
Statement of responsibility, etc. Jean-Paul Muscat; Rose Jewell.
260 ## - PUBLICATION, DISTRIBUTION, ETC.
Place of publication, distribution, etc. London:
Name of publisher, distributor, etc. Hodder Education,
Date of publication, distribution, etc. 2018.
300 ## - PHYSICAL DESCRIPTION
Extent 1 volume ;
Dimensions 25 cm.
440 ## - SERIES STATEMENT/ADDED ENTRY--TITLE
Title Cambridge international AS and A level further mathematics
546 ## - LANGUAGE NOTE
Language note English
650 ## - SUBJECT ADDED ENTRY--TOPICAL TERM
Topical term or geographic name entry element Mathematics -- Textbooks
700 ## - ADDED ENTRY--PERSONAL NAME
Personal name Jewell, Rose
Relator term Author
700 ## - ADDED ENTRY--PERSONAL NAME
Personal name Porkess, Roger
Relator term Series editor
942 ## - ADDED ENTRY ELEMENTS (KOHA)
Source of classification or shelving scheme
Koha item type Teaching Resources
Holdings
Withdrawn status Lost status Source of classification or shelving scheme Damaged status Not for loan Collection code Permanent Location Current Location Shelving location Date acquired Total Checkouts Full call number Barcode Date last seen Date last checked out Copy number Price effective from Koha item type Date due
          Teaching Resources KH8 Senior School Library KH8 Senior School Library Staff Office 2022-11-04 2 510 MUS TRKHSL000026 2025-05-28 2024-11-27 1 2022-11-04 Teaching Resources  
          Teaching Resources KH8 Senior School Library KH8 Senior School Library Staff Office 2022-11-04 3 510 MUS TRKHSL000027 2025-11-26 2025-11-26 2 2022-11-04 Teaching Resources 2026-07-03
          Teaching Resources KH8 Senior School Library KH8 Senior School Library Staff Office 2022-11-04 1 510 MUS TRKHSL000028 2024-11-01 2022-11-04 3 2022-11-04 Teaching Resources  
          Teaching Resources KH8 Senior School Library KH8 Senior School Library Staff Office 2022-11-04 2 510 MUS TRKHSL000029 2025-05-29 2024-11-27 4 2022-11-04 Teaching Resources  
          Teaching Resources KH8 Senior School Library KH8 Senior School Library Staff Office 2022-11-04 1 510 MUS TRKHSL000030 2024-11-01 2022-11-04 5 2022-11-04 Teaching Resources  
          Teaching Resources KH8 Senior School Library KH8 Senior School Library Staff Office 2023-09-29   510 MUS TRKHSL003517 2023-09-29   6 2023-09-29 Teaching Resources  
          Teaching Resources KH8 Senior School Library KH8 Senior School Library Staff Office 2023-09-29 1 510 MUS TRKHSL003518 2025-05-29 2024-11-27 7 2023-09-29 Teaching Resources  
          Teaching Resources KH8 Senior School Library KH8 Senior School Library Staff Office 2023-09-29 1 510 MUS TRKHSL003519 2025-06-12 2024-11-27 8 2023-09-29 Teaching Resources  
          Teaching Resources KH8 Senior School Library KH8 Senior School Library Staff Office 2024-10-25 1 510 MUS TRKHSL005799 2024-11-27 2024-11-27 9 2024-10-25 Teaching Resources 2025-07-04

Powered By KH8 IT Dept